000 00726cam a22002413a 4500
001 11719
003 PGUSA
005 20140828083240.0
008 040301s2004||||xxu|||||s|||||000 1 eng d
040 _aPGUSA
_beng
042 _adc
050 4 _aPS
100 1 _aCable, George Washington,
_d1844-1925
245 1 0 _aKincaid's Battery
_h[electronic resource] /
_cGeorge Washington Cable
260 _bProject Gutenberg,
_c2004
506 _aPublic domain in the USA.
516 _aElectronic text
653 _aUnited States -- History -- Civil War, 1861-1865 -- Fiction
700 1 _aKimball, Alonzo,
_d1874-1923
830 0 _aProject Gutenberg
_v11719
856 4 0 _uhttp://www.gutenberg.org/ebooks/11719
942 _cEB
999 _c240974
_d240974